| Tag |
First Indicator |
Second Indicator |
Subfields |
| LEADER |
00000cam a22000004a 4500 |
| 001 |
in00003402713 |
| 005 |
20190405202642.0 |
| 006 |
m d |
| 007 |
cr |||||||nn|n |
| 008 |
110902s2011 nyu o d eng d |
| 010 |
|
|
|z 2011036271
|
| 020 |
|
|
|a 9781438443157
|
| 020 |
|
|
|z 9781438443133 (hardcover : alk. paper)
|
| 035 |
|
|
|a (MdBmJHUP)muse9781438443157
|
| 040 |
|
|
|a MdBmJHUP
|c MdBmJHUP
|d UtOrBLW
|
| 043 |
|
|
|a a-cc---
|
| 050 |
0 |
0 |
|a ML3917.C6
|b B75 2011
|
| 082 |
0 |
0 |
|a 780.931
|2 23
|
| 100 |
1 |
|
|a Brindley, Erica,
|d 1971-
|
| 245 |
1 |
0 |
|a Music, cosmology, and the politics of harmony in early China /
|c Erica Fox Brindley.
|
| 264 |
|
1 |
|a Albany :
|b State University of New York Press,
|c [2011]
|
| 264 |
|
4 |
|c ©2011
|
| 300 |
|
|
|a 1 online resource (224 pages)
|
| 336 |
|
|
|a text
|b txt
|2 rdacontent
|
| 337 |
|
|
|a computer
|b c
|2 rdamedia
|
| 338 |
|
|
|a online resource
|b cr
|2 rdacarrier
|
| 490 |
1 |
|
|a SUNY series in Chinese philosophy and culture
|
| 504 |
|
|
|a Includes bibliographical references and index.
|
| 505 |
0 |
|
|a Music in state order and cosmic rulership -- A civilizing force for imperial rule -- Regulating sound and the cosmos -- Music and the emergence of a psychology of the emotions -- Sagely attunement to the cosmos -- Music and medicine.
|
| 588 |
|
|
|a Description based on print version record.
|
| 500 |
|
|
|a Electronic resource.
|
| 650 |
|
0 |
|a Music
|x Philosophy and aesthetics.
|
| 650 |
|
0 |
|a Music
|x Social aspects
|z China
|x History.
|
| 650 |
|
0 |
|a Music
|x Political aspects
|z China
|x History.
|
| 651 |
|
0 |
|a China
|x History
|y Han dynasty, 202 B.C.-220 A.D.
|
| 651 |
|
0 |
|a China
|x History
|y Qin dynasty, 221-207 B.C.
|
| 651 |
|
0 |
|a China
|x History
|y Zhou dynasty, 1122-221 B.C.
|
| 655 |
|
7 |
|a Electronic books.
|2 local
|
| 856 |
4 |
0 |
|u http://proxy.library.tamu.edu/login?url=http://muse.jhu.edu/books/9781438443157/
|z Connect to the full text of this electronic book
|t 0
|
| 830 |
|
0 |
|a SUNY series in Chinese philosophy and culture.
|
| 999 |
|
|
|a MARS
|
| 999 |
f |
f |
|s aaaeae20-c055-3e3a-b611-db7ed6ab87ac
|i 71f06ed8-8a0f-368a-a094-539fc57932c1
|t 0
|
| 952 |
f |
f |
|a Texas A&M University
|b College Station
|c Electronic Resources
|d Available Online
|t 0
|e ML3917.C6 B75 2011
|h Library of Congress classification
|
| 998 |
f |
f |
|a ML3917.C6 B75 2011
|t 0
|l Available Online
|